| 000 | 00852nam a2200253Ia 4500 | ||
|---|---|---|---|
| 003 | GCL | ||
| 005 | 20240530101822.0 | ||
| 008 | 140319s9999 xx 000 0 ara d | ||
| 040 |
_aGCL / _cGCL |
||
| 082 | 0 | 4 |
_a953.071 _bع ح |
| 100 | 1 | _aعدنان فائق عنبتاوى | |
| 245 | 1 | 0 |
_aحكايتنا فى الاندلس / _cعدنان فائق عنبتاوى |
| 250 | _aط1 | ||
| 260 |
_aبيروت : _bالمؤسسة العربية للدراسات والنشر ، _c1989 |
||
| 300 |
_a343 ص ؛ _c32 سم |
||
| 650 | 0 | 4 | _aالتاريخ الاسلامى |
| 650 | 0 | 4 | _aالعمارة الاسلامية |
| 650 | 0 | 4 | _aالاثار الاسلامية |
| 650 | 0 | 4 | _aالاثار |
| 650 | 0 | 4 | _aفتح الاندلس |
| 650 | 0 | 4 | _aالاثار الاسلامية فى الاندلس |
| 650 | 0 | 4 | _aقصر الحمراء |
| 942 |
_2ddc _cBK |
||
| 999 |
_c27927 _d27927 |
||